[Event "Lithuanian Chess League"]
[Site "various cities"]
[Date "2021.05.16"]
[Round "7.3"]
[White "Valantiejus, Vaidotas"]
[Black "Salna, Aleksandras"]
[Result "0-1"]
[WhiteElo "2117"]
[BlackElo "2125"]
[PlyCount "84"]
[EventDate "2021.05.07"]
[EventType "team"]
[EventRounds "7"]
[EventCountry "LTU"]
[WhiteTeam "Kauno SK Gambiteriai"]
[BlackTeam "Vilniaus BTT Cloud-VSK"]

1. e4 e6 2. d4 d5 3. Nd2 Nf6 4. e5 Nfd7 5. Bd3 b6 6. Ne2 Ba6 7. Bxa6 Nxa6 8.
O-O Be7 9. Nf3 c5 10. c3 b5 11. Be3 Nab8 12. Qd2 Nc6 13. Bg5 a5 14. Bxe7 Qxe7
15. Rfe1 O-O 16. Qe3 b4 17. Rec1 Rfc8 18. h3 a4 19. dxc5 Qxc5 20. Ned4 Nxd4 21.
cxd4 Qb5 22. b3 h6 23. Rxc8+ Rxc8 24. Rc1 Rc6 25. Qd2 Rxc1+ 26. Qxc1 axb3 27.
axb3 Qd3 28. Qc6 Nf8 29. Qa4 Qc3 30. h4 g6 31. Kh2 Kg7 32. Kg1 Nh7 33. Kh2 g5
34. hxg5 hxg5 35. Kg3 Qc1 36. Kh2 Qf4+ 37. Kg1 g4 38. Ne1 Qxd4 39. Kf1 Ng5 40.
Qb5 g3 41. fxg3 Ne4 42. Nd3 Qe3 0-1

[Event "Lithuanian Chess League"]
[Site "various cities"]
[Date "2021.05.16"]
[Round "7.3"]
[White "Eigminas, Kipras"]
[Black "Jankunas, Tomas"]
[Result "1-0"]
[WhiteElo "2095"]
[BlackElo "2115"]
[PlyCount "81"]
[EventDate "2021.05.07"]
[EventType "team"]
[EventRounds "7"]
[EventCountry "LTU"]
[WhiteTeam "Vilniaus BTT Cloud-VSK"]
[BlackTeam "Kauno SK Gambiteriai"]

1. e4 e5 2. Nf3 Nf6 3. d4 Nxe4 4. Bd3 d5 5. dxe5 Be7 6. O-O Nc5 7. Be2 O-O 8.
Be3 c6 9. Nd4 Ne6 10. c3 f6 11. exf6 Bxf6 12. Nxe6 Bxe6 13. Nd2 Nd7 14. Nf3 Ne5
15. Nd4 Bd7 16. b3 b6 17. Qd2 Qe8 18. Rae1 Qg6 19. f4 Ng4 20. Bxg4 Qxg4 21. Nf3
Bf5 22. Bd4 Be4 23. Bxf6 Rxf6 24. Ng5 Bg6 25. h3 Qd7 26. g4 Qd6 27. f5 Bf7 28.
Rf3 h6 29. Nxf7 Rxf7 30. Kg2 c5 31. Re6 Qd7 32. Rg6 Kh7 33. Qd3 Re8 34. f6 Kg8
35. fxg7 Rxg7 36. Rxh6 Re4 37. Rhf6 Rge7 38. R6f5 Re2+ 39. Kf1 Re1+ 40. Kf2 Qc7
41. Rg5+ 1-0

[Event "Lithuanian Chess League"]
[Site "various cities"]
[Date "2021.05.16"]
[Round "7.3"]
[White "Aleknavicius, Andrius"]
[Black "Zozulia, Alexandr"]
[Result "1/2-1/2"]
[WhiteElo "1986"]
[BlackElo "2069"]
[PlyCount "102"]
[EventDate "2021.05.07"]
[EventType "team"]
[EventRounds "7"]
[EventCountry "LTU"]
[WhiteTeam "Kauno SK Gambiteriai"]
[BlackTeam "Vilniaus BTT Cloud-VSK"]

1. d4 d5 2. Bf4 Nf6 3. e3 e6 4. Nf3 Be7 5. Ne5 Nbd7 6. Bd3 c5 7. c3 Qb6 8. b3
Nxe5 9. Bxe5 Bd7 10. Nd2 Rc8 11. O-O cxd4 12. Bxd4 Bc5 13. Nf3 Bxd4 14. cxd4
Bb5 15. Qe2 Bxd3 16. Qxd3 O-O 17. Rfc1 Rc7 18. Rc2 Rfc8 19. Rac1 Ne4 20. Nd2
Nd6 21. f3 g6 22. Kf2 Nf5 23. g3 h5 24. Nb1 h4 25. g4 Ne7 26. f4 Qd6 27. Rxc7
Rxc7 28. Rxc7 Qxc7 29. Qc3 Nc6 30. g5 Qd6 31. Qc5 Qxc5 32. dxc5 Nb4 33. Nc3
Nd3+ 34. Kf3 Nxc5 35. Kg4 a6 36. Kxh4 b5 37. Ne2 Ne4 38. Nd4 Nc3 39. a3 Nb1 40.
a4 bxa4 41. bxa4 Nc3 42. a5 Nd1 43. Nc2 Nb2 44. Nb4 Nc4 45. Nxa6 Nxa5 46. Kg4
Nc4 47. Kf3 Nd6 48. Nc5 Kf8 49. Nd7+ Ke7 50. Nf6 Nf5 51. Ng4 Nh4+ 1/2-1/2

[Event "Lithuanian Chess League"]
[Site "various cities"]
[Date "2021.05.16"]
[Round "7.4"]
[White "Sulskis, Sarunas"]
[Black "Armonaitis, Silvestras"]
[Result "1-0"]
[WhiteElo "2518"]
[BlackElo "2086"]
[PlyCount "65"]
[EventDate "2021.05.07"]
[EventType "team"]
[EventRounds "7"]
[EventCountry "LTU"]
[WhiteTeam "Kauno SK Margiris"]
[BlackTeam "Klaipedos Klaipeda"]

1. c4 e5 2. Nc3 d6 3. Nf3 f5 4. d4 e4 5. Ng5 c6 6. g3 Na6 7. Bg2 Be7 8. Nh3 Nf6
9. O-O Be6 10. d5 Bf7 11. f3 cxd5 12. cxd5 Qb6+ 13. Kh1 exf3 14. Rxf3 O-O 15.
Be3 Qa5 16. Rxf5 Ng4 17. Bd4 Bg6 18. Rf4 Ne5 19. Rxf8+ Bxf8 20. Nf4 Bf5 21. Bh3
Bxh3 22. Nxh3 Nc5 23. Bxe5 dxe5 24. d6 Qb6 25. Qd5+ Kh8 26. Ng5 Qc6 27. Rc1 Nd7
28. e4 Qxd5 29. Nxd5 h6 30. Rc7 Nf6 31. Nf7+ Kh7 32. Nxf6+ gxf6 33. d7 1-0

[Event "Lithuanian Chess League"]
[Site "various cities"]
[Date "2021.05.16"]
[Round "7.4"]
[White "Pidluznij, Gleb"]
[Black "Tvarijonas, Tomas"]
[Result "1/2-1/2"]
[WhiteElo "2044"]
[BlackElo "2221"]
[PlyCount "92"]
[EventDate "2021.05.07"]
[EventType "team"]
[EventRounds "7"]
[EventCountry "LTU"]
[WhiteTeam "Klaipedos Klaipeda"]
[BlackTeam "Kauno SK Margiris"]

1. e4 c5 2. c3 Nf6 3. e5 Nd5 4. Nf3 e6 5. d4 cxd4 6. Qxd4 Nc6 7. Qe4 f5 8. Qe2
d6 9. g3 Qc7 10. exd6 Bxd6 11. Bg2 Nf6 12. O-O O-O 13. Nd4 Nxd4 14. cxd4 Bd7
15. Nc3 a6 16. a4 f4 17. Bxf4 Bxf4 18. gxf4 Rae8 19. Qe5 Qc8 20. Ne4 Nxe4 21.
Rac1 Qb8 22. Bxe4 Rxf4 23. f3 Qxe5 24. dxe5 Bxa4 25. Rc7 Rf7 26. Rfc1 Bc6 27.
Bxh7+ Kf8 28. Rxf7+ Kxf7 29. Bd3 a5 30. Rc5 Rd8 31. Be4 Rd1+ 32. Kf2 Bxe4 33.
fxe4 Rd2+ 34. Kg3 Rxb2 35. Rxa5 Kg6 36. Rc5 Kh5 37. Rc7 Rb3+ 38. Kg2 Kg4 39.
Rxg7+ Kf4 40. h4 Rb2+ 41. Kh3 Rb3+ 42. Kg2 Rb2+ 43. Kg1 Kxe5 44. h5 Kf6 45. h6
Rb5 46. e5+ Rxe5 1/2-1/2

[Event "Lithuanian Chess League"]
[Site "various cities"]
[Date "2021.05.16"]
[Round "7.4"]
[White "Steponavicius, Stasys"]
[Black "Galuscak, Viktoras"]
[Result "1-0"]
[WhiteElo "2193"]
[BlackElo "1898"]
[PlyCount "61"]
[EventDate "2021.05.07"]
[EventType "team"]
[EventRounds "7"]
[EventCountry "LTU"]
[WhiteTeam "Kauno SK Margiris"]
[BlackTeam "Klaipedos Klaipeda"]

1. d4 f5 2. Nf3 Nf6 3. g3 e6 4. Bg2 d5 5. O-O Bd6 6. c4 c6 7. b3 Qe7 8. a4 Nbd7
9. Ba3 Ne4 10. Qc1 O-O 11. Qb2 a5 12. Bxd6 Qxd6 13. Nbd2 b6 14. Rfd1 Ba6 15. e3
h6 16. Rac1 Rac8 17. Ne1 h5 18. f3 Nxd2 19. Qxd2 h4 20. gxh4 f4 21. e4 Qe7 22.
Qf2 dxc4 23. bxc4 Rf6 24. Bh3 Rh6 25. Ng2 g5 26. Bg4 Nf6 27. hxg5 Nxg4 28. fxg4
Qxg5 29. Qxf4 Qg7 30. g5 Rg6 31. h4 1-0

[Event "Lithuanian Chess League"]
[Site "various cities"]
[Date "2021.05.16"]
[Round "7.4"]
[White "Zirnovas, Martynas"]
[Black "Solys, Laimutis"]
[Result "1/2-1/2"]
[WhiteElo "1804"]
[BlackElo "2319"]
[PlyCount "89"]
[EventDate "2021.05.07"]
[EventType "team"]
[EventRounds "7"]
[EventCountry "LTU"]
[WhiteTeam "Klaipedos Klaipeda"]
[BlackTeam "Kauno SK Margiris"]

1. e4 c5 2. Nf3 e6 3. d3 Nc6 4. g3 d5 5. Nbd2 Nf6 6. Bg2 Be7 7. O-O O-O 8. Re1
Qc7 9. e5 Nd7 10. Qe2 b5 11. Nf1 Bb7 12. Bf4 d4 13. h4 Nb4 14. c3 dxc3 15. bxc3
Nd5 16. Bd2 c4 17. Nd4 cxd3 18. Qg4 Nxe5 19. Nxe6 Nxg4 20. Nxc7 Bc5 21. Nxd5
Bxf2+ 22. Kh1 Bxe1 23. Rxe1 Bxd5 24. Bxd5 Rad8 25. Bc6 a6 26. Kg2 Rd6 27. Bf3
Nf6 28. Bf4 Rd7 29. Nd2 Nd5 30. Bxd5 Rxd5 31. c4 bxc4 32. Nxc4 h6 33. Rd1 g5
34. hxg5 hxg5 35. Bc1 Re8 36. Ne3 Rc5 37. Ba3 Rce5 38. Ng4 R5e6 39. Rxd3 f5 40.
Nf2 Re3 41. Rxe3 Rxe3 42. Bc1 Re2 43. Bxg5 Rxa2 44. Kf3 Kf7 45. g4 1/2-1/2

[Event "Lithuanian Chess League"]
[Site "various cities"]
[Date "2021.05.16"]
[Round "7.4"]
[White "Tamosiunas, Tomas"]
[Black "Scekaciov, Rostislav"]
[Result "1-0"]
[WhiteElo "1947"]
[BlackElo "1553"]
[PlyCount "79"]
[EventDate "2021.05.07"]
[EventType "team"]
[EventRounds "7"]
[EventCountry "LTU"]
[WhiteTeam "Kauno SK Margiris"]
[BlackTeam "Klaipedos Klaipeda"]

1. e4 c6 2. d4 d5 3. exd5 cxd5 4. c4 e6 5. Nc3 Nf6 6. Nf3 Be7 7. Bd3 O-O 8. O-O
Nbd7 9. Bg5 h6 10. Bh4 dxc4 11. Bxc4 Nb6 12. Bb3 Bd7 13. Ne5 Rc8 14. Qe2 Bc6
15. Rfd1 Nbd5 16. Nxc6 Rxc6 17. Nxd5 exd5 18. Rac1 Rxc1 19. Rxc1 Qd7 20. h3 Rd8
21. Re1 Bb4 22. Bxf6 gxf6 23. Rd1 Re8 24. Qh5 Kg7 25. Bxd5 Re1+ 26. Rxe1 Bxe1
27. g3 Bb4 28. Kg2 Bd6 29. Bb3 Bc7 30. Qf3 Bb6 31. d5 Bc7 32. Bc2 Be5 33. Qe4
Kf8 34. Qb4+ Bd6 35. Qh4 Kg7 36. Qe4 Be5 37. Qh7+ Kf8 38. Qxh6+ Ke7 39. Qd2
Bxb2 40. Qb4+ 1-0

[Event "Lithuanian Chess League"]
[Site "various cities"]
[Date "2021.05.16"]
[Round "7.5"]
[White "Kazakouski, Valery"]
[Black "Zilinskas, Vaidotas"]
[Result "1-0"]
[WhiteElo "2495"]
[BlackElo "1914"]
[PlyCount "83"]
[EventDate "2021.05.07"]
[EventType "team"]
[EventRounds "7"]
[EventCountry "LTU"]
[WhiteTeam "Panevezio SK Gigant Chess"]
[BlackTeam "Siauliu Drakonas"]

1. d4 c6 2. c4 d6 3. Nc3 g6 4. g3 Bg7 5. Bg2 Nd7 6. Nf3 Ngf6 7. O-O O-O 8. e4
Qc7 9. Re1 e5 10. h3 Re8 11. Be3 a6 12. Qc2 b5 13. c5 dxc5 14. dxe5 Nxe5 15.
Nxe5 Qxe5 16. f4 Qe7 17. e5 Nd5 18. Nxd5 cxd5 19. Bxd5 Bb7 20. Bxb7 Qxb7 21.
Bxc5 Rac8 22. Qf2 Qd5 23. b4 Bf8 24. Rad1 Bxc5 25. Rxd5 Bxf2+ 26. Kxf2 Rc4 27.
a3 Rc3 28. Re3 Rec8 29. Rd8+ Kg7 30. Rd7 Kf8 31. Rd6 R3c6 32. Red3 h5 33. Ke3
R8c7 34. g4 hxg4 35. hxg4 Ke8 36. Rd8+ Ke7 37. f5 gxf5 38. gxf5 Rc4 39. R8d6
Kf8 40. f6 Kg8 41. Rd7 Kh7 42. e6 1-0

[Event "Lithuanian Chess League"]
[Site "various cities"]
[Date "2021.05.16"]
[Round "7.5"]
[White "Tamosaitis, Rimas"]
[Black "Zagorskis, Darius"]
[Result "0-1"]
[WhiteElo "2071"]
[BlackElo "2408"]
[PlyCount "170"]
[EventDate "2021.05.07"]
[EventType "team"]
[EventRounds "7"]
[EventCountry "LTU"]
[WhiteTeam "Siauliu Drakonas"]
[BlackTeam "Panevezio SK Gigant Chess"]

1. d4 e6 2. Nf3 c5 3. e4 cxd4 4. Nxd4 a6 5. Be2 Nf6 6. e5 Qa5+ 7. Nc3 Qxe5 8.
O-O Be7 9. Re1 Qc7 10. Bf3 Nc6 11. Bg5 O-O 12. Qd2 d5 13. Rad1 Qd8 14. Qf4 Nh5
15. Bxe7 Nxf4 16. Bxd8 Rxd8 17. g3 Ng6 18. Na4 Nxd4 19. Rxd4 b5 20. Nc5 Ne7 21.
c3 Nf5 22. Rd2 Nd6 23. b3 Ra7 24. Be2 Kf8 25. Bf1 a5 26. f4 Bb7 27. a3 Bc6 28.
Red1 Rc8 29. b4 axb4 30. axb4 Ra3 31. Rc1 Rca8 32. Kf2 Ra1 33. Rxa1 Rxa1 34.
Rc2 Ke7 35. Bd3 h6 36. Nb3 Ra3 37. Nd4 Bd7 38. Nf3 f6 39. Ke3 Ra1 40. Kd4 Rd1
41. Rd2 Ra1 42. Re2 Kd8 43. Kc5 Kc7 44. Kd4 Ne8 45. Kc5 Rc1 46. Rc2 Rxc2 47.
Bxc2 Nd6 48. Kd4 Kc6 49. Bd3 Ne8 50. Be2 Kd6 51. Bd3 Nc7 52. Nd2 e5+ 53. Ke3
d4+ 54. cxd4 Nd5+ 55. Kf3 exd4 56. Ne4+ Ke7 57. Nc5 Nxb4 58. Ke4 Nxd3 59. Kxd3
Kd6 60. Kxd4 Bc6 61. Nd3 Bd5 62. Nb4 Bc4 63. Nc2 Bf7 64. Ne3 Be6 65. Nc2 Bf5
66. Nb4 h5 67. Nd5 Be6 68. Nb4 Bg4 69. Nd5 Be6 70. Nb4 Bb3 71. Kc3 Bc4 72. Kd4
Bb3 73. Kc3 Bd1 74. Kd4 Bf3 75. Nc2 g5 76. fxg5 fxg5 77. Nb4 Be2 78. Nd5 Ke6
79. h4 gxh4 80. gxh4 Kf5 81. Nc3 Bc4 82. Nxb5 Bxb5 83. Ke3 Kg4 84. Kf2 Kxh4 85.
Kg2 Kg4 0-1

[Event "Lithuanian Chess League"]
[Site "various cities"]
[Date "2021.05.16"]
[Round "7.5"]
[White "Brazdzionis, Andrius"]
[Black "Plunge, Gintautas Jurgis"]
[Result "1-0"]
[WhiteElo "2333"]
[BlackElo "1902"]
[PlyCount "39"]
[EventDate "2021.05.07"]
[EventType "team"]
[EventRounds "7"]
[EventCountry "LTU"]
[WhiteTeam "Panevezio SK Gigant Chess"]
[BlackTeam "Siauliu Drakonas"]

1. d4 Nf6 2. c4 c5 3. d5 e5 4. Nc3 d6 5. g3 Na6 6. Bg2 Nc7 7. Nf3 a6 8. a4 b6
9. O-O Rb8 10. b3 Be7 11. Ne1 b5 12. axb5 axb5 13. Nd3 Nd7 14. f4 exf4 15. Bxf4
bxc4 16. bxc4 Nb6 17. Nxc5 Bf6 18. N5e4 Bxc3 19. Nxd6+ Kf8 20. Nxf7 1-0

[Event "Lithuanian Chess League"]
[Site "various cities"]
[Date "2021.05.16"]
[Round "7.5"]
[White "Paulauskaite, Gintare"]
[Black "Dambrauskas, Virginijus"]
[Result "0-1"]
[WhiteElo "2042"]
[BlackElo "2209"]
[PlyCount "96"]
[EventDate "2021.05.07"]
[EventType "team"]
[EventRounds "7"]
[EventCountry "LTU"]
[WhiteTeam "Siauliu Drakonas"]
[BlackTeam "Panevezio SK Gigant Chess"]

1. e4 c5 2. Nf3 e6 3. d3 Nc6 4. g3 g6 5. Bg2 Bg7 6. O-O Nge7 7. Re1 O-O 8. e5
Qc7 9. Qe2 a6 10. Nbd2 Nf5 11. Nf1 Nxe5 12. Nxe5 Nd4 13. Qe4 Nxc2 14. Bf4 Qd8
15. Qe2 Nxa1 16. Rxa1 d6 17. Nf3 e5 18. Be3 Bg4 19. h3 Be6 20. Qd2 f6 21. Bh6
Qd7 22. h4 Rac8 23. Bxg7 Kxg7 24. Ne3 d5 25. b3 Rfd8 26. Qe2 b5 27. Nd2 Re8 28.
Rc1 Qd6 29. Rc2 f5 30. f3 e4 31. Nef1 exd3 32. Qxd3 d4 33. f4 Bd5 34. Bxd5 Qxd5
35. Nf3 Qe4 36. Rd2 Red8 37. Kf2 h6 38. Rd1 Rc7 39. Qd2 c4 40. Re1 c3 41. Qc1
Qb7 42. Ne5 d3 43. Rd1 Qe4 44. Ne3 b4 45. N5c4 Re7 46. a3 a5 47. a4 d2 48. Qc2
Rd3 0-1

[Event "Lithuanian Chess League"]
[Site "various cities"]
[Date "2021.05.16"]
[Round "7.5"]
[White "Zaura, Vidmantas"]
[Black "Setikiene, Grazina"]
[Result "1-0"]
[WhiteElo "2087"]
[BlackElo "1845"]
[PlyCount "73"]
[EventDate "2021.05.07"]
[EventType "team"]
[EventRounds "7"]
[EventCountry "LTU"]
[WhiteTeam "Panevezio SK Gigant Chess"]
[BlackTeam "Siauliu Drakonas"]

1. d4 d5 2. e4 dxe4 3. Nc3 Nf6 4. f3 exf3 5. Nxf3 c6 6. Bc4 e6 7. O-O Be7 8.
Bg5 Nbd7 9. Qe1 Nb6 10. Bd3 Nbd5 11. Rd1 Nxc3 12. bxc3 Bd7 13. Ne5 h6 14. Bd2
Bd6 15. Qg3 Rg8 16. Rb1 Rb8 17. Bg6 Qe7 18. Bf4 Bxe5 19. Bxe5 Rc8 20. Rxb7 a6
21. c4 fxg6 22. Qxg6+ Qf7 23. Qxf7+ Kxf7 24. Rxd7+ Kg6 25. Ra7 Ra8 26. Rxa8
Rxa8 27. Rb1 a5 28. Rb6 c5 29. d5 exd5 30. cxd5 Kf5 31. Bxf6 gxf6 32. Rc6 Ke5
33. Rxc5 Kd4 34. Rc6 Kxd5 35. Rxf6 Rc8 36. Rxh6 Rxc2 37. Rh5+ 1-0